[Event "24. Acropolis 2009"]
[Site "Chalkida GRE"]
[Date "2009.08.12"]
[Round "2.4"]
[White "Belov, Vladimir"]
[Black "Mastrovasilis, Athanasios"]
[Result "1-0"]
[WhiteElo "2627"]
[BlackElo "2503"]
[PlyCount "99"]
[EventDate "2009.08.10"]
[EventType "swiss"]
[EventRounds "9"]
[EventCountry "GRE"]
[Source "lmi"]
[SourceDate "2009.08.10"]

1. c4 e6 2. Nc3 d5 3. d4 Nf6 4. Nf3 c5 5. cxd5 Nxd5 6. e3 Nc6 7. Bd3 Be7 8. O-O
O-O 9. Re1 b6 10. Nxd5 exd5 11. b3 Bf6 12. Bb5 Ne7 13. Ba3 Bd7 14. Bd3 Rc8 15.
Rc1 cxd4 16. Nxd4 Rxc1 17. Qxc1 Qb8 18. Qc2 Rc8 19. Qe2 Ng6 20. Bf5 Bxf5 21.
Nxf5 Qe5 22. Nd6 Rd8 23. Nb5 h6 24. Nxa7 d4 25. Nc6 d3 26. Qd1 Qd5 27. Nxd8 d2
28. Re2 Bc3 29. Bb2 Nh4 30. f3 Nxf3+ 31. gxf3 Qxf3 32. Rxd2 Qxe3+ 33. Rf2 Be1
34. Qf3 Bxf2+ 35. Qxf2 Qg5+ 36. Qg3 Qc5+ 37. Kf1 Qf5+ 38. Qf2 Qd3+ 39. Qe2 Qxd8
40. Ke1 Qd5 41. Qe5 Qh1+ 42. Kd2 f6 43. Qe8+ Kh7 44. Qe2 Kh8 45. Bd4 b5 46. Kc2
Qd5 47. Bc3 h5 48. h4 Qf5+ 49. Kb2 Qd5 50. a4 1-0

[Event "24. Acropolis 2009"]
[Site "Chalkida GRE"]
[Date "2009.08.12"]
[Round "2.5"]
[White "Koneru, Humpy"]
[Black "Danielian, Elina"]
[Result "1/2-1/2"]
[WhiteElo "2623"]
[BlackElo "2502"]
[PlyCount "81"]
[EventDate "2009.08.10"]
[EventType "swiss"]
[EventRounds "9"]
[EventCountry "GRE"]
[Source "lmi"]
[SourceDate "2009.08.10"]

1. d4 Nf6 2. c4 g6 3. g3 c6 4. Bg2 d5 5. cxd5 cxd5 6. Nf3 Bg7 7. Nc3 O-O 8. Ne5
e6 9. O-O Nfd7 10. Nf3 Nc6 11. Bf4 Nf6 12. Qd3 Bd7 13. Rac1 Qa5 14. a3 Rfc8 15.
Rfd1 Be8 16. Rc2 Qd8 17. Rdc1 Na5 18. Nd2 Nc4 19. Nxc4 dxc4 20. Qd2 Nd5 21. Bg5
f6 22. Bh6 b5 23. Bxg7 Kxg7 24. Ne4 Bf7 25. Nc5 Rab8 26. b3 cxb3 27. Nxb3 Rxc2
28. Rxc2 b4 29. axb4 Nxb4 30. Rb2 a5 31. Nc5 Qd6 32. h4 e5 33. Nb7 Qc7 34. dxe5
Qxe5 35. Rb1 Na2 36. Rb6 a4 37. Qd7 Qe8 38. Qd4 Qe5 39. Qd7 Qe8 40. Qd6 Qe5 41.
Qd7 1/2-1/2

[Event "24. Acropolis 2009"]
[Site "Chalkida GRE"]
[Date "2009.08.12"]
[Round "2.6"]
[White "Kapnisis, Spyridon"]
[Black "Gurevich, Mikhail"]
[Result "1-0"]
[WhiteElo "2464"]
[BlackElo "2618"]
[PlyCount "101"]
[EventDate "2009.08.10"]
[EventType "swiss"]
[EventRounds "9"]
[EventCountry "GRE"]
[Source "lmi"]
[SourceDate "2009.08.10"]

1. e4 d6 2. d4 Nf6 3. Nc3 g6 4. f4 Bg7 5. Nf3 c5 6. dxc5 Qa5 7. Qd4 Nc6 8. Bb5
Bd7 9. Qa4 Qd8 10. e5 Ng4 11. exd6 O-O 12. h3 a6 13. Bxc6 Bxc6 14. Qc4 Nh6 15.
Be3 Nf5 16. Bf2 exd6 17. O-O-O Bxf3 18. gxf3 Rc8 19. Qb4 a5 20. Qb3 Rc6 21.
Qxb7 Rc7 22. Qb3 Qa8 23. Nb5 a4 24. Nxc7 axb3 25. Nxa8 bxa2 26. Kd2 Bxb2 27.
Nb6 dxc5 28. Ra1 Rd8+ 29. Ke2 Re8+ 30. Kd3 Rd8+ 31. Kc4 Bxa1 32. Rxa1 Rd2 33.
Bxc5 Rxc2+ 34. Kb4 Kg7 35. Nd7 Rd2 36. Ne5 Rc2 37. Nd3 Nh4 38. Bd4+ Kh6 39. Ne5
f5 40. Kb3 Rh2 41. Rxa2 Rxh3 42. Kc4 Kh5 43. Ra7 h6 44. Nd7 g5 45. Nf6+ Kg6 46.
Nd5 Nxf3 47. Rg7+ Kh5 48. Nf6+ Kh4 49. Bf2+ Rg3 50. fxg5 Nxg5 51. Rg6 1-0

[Event "24. Acropolis 2009"]
[Site "Chalkida GRE"]
[Date "2009.08.12"]
[Round "2.7"]
[White "Mamedov, Nidjat"]
[Black "Managadze, Nikoloz"]
[Result "1/2-1/2"]
[WhiteElo "2614"]
[BlackElo "2459"]
[PlyCount "43"]
[EventDate "2009.08.10"]
[EventType "swiss"]
[EventRounds "9"]
[EventCountry "GRE"]
[Source "lmi"]
[SourceDate "2009.08.10"]

1. e4 Nf6 2. e5 Nd5 3. d4 d6 4. Nf3 dxe5 5. Nxe5 c6 6. Be2 Bf5 7. O-O Nd7 8.
Nf3 e6 9. c4 N5f6 10. Nc3 Bd6 11. d5 Qc7 12. h3 exd5 13. cxd5 Nxd5 14. Nxd5
cxd5 15. Nd4 Be4 16. Nb5 Qb6 17. Nc3 O-O 18. Be3 Bc5 19. Nxe4 Bxe3 20. Qxd5
Rae8 21. Bf3 Nc5 22. Nxc5 1/2-1/2

[Event "24. Acropolis 2009"]
[Site "Chalkida GRE"]
[Date "2009.08.12"]
[Round "2.8"]
[White "Can, Emre"]
[Black "Svetushkin, Dmitry"]
[Result "1/2-1/2"]
[WhiteElo "2455"]
[BlackElo "2607"]
[PlyCount "100"]
[EventDate "2009.08.10"]
[EventType "swiss"]
[EventRounds "9"]
[EventCountry "GRE"]
[Source "lmi"]
[SourceDate "2009.08.10"]

1. e4 g6 2. d4 Bg7 3. Nc3 c6 4. Nf3 d6 5. h3 Nf6 6. a4 O-O 7. Be3 Nbd7 8. a5
Qc7 9. Be2 Rb8 10. O-O b5 11. axb6 axb6 12. d5 Bb7 13. Nd4 Nc5 14. Bf3 cxd5 15.
exd5 Ra8 16. Qe2 Qd7 17. Qc4 Ba6 18. Ncb5 Rfc8 19. Qb4 Bxb5 20. Nxb5 Qb7 21. c4
Nfd7 22. Nd4 Ne5 23. Be2 Ra6 24. f4 Ned7 25. Nc6 Kf8 26. Rxa6 Qxa6 27. Qd2 Qa2
28. Bd4 Re8 29. Re1 Bxd4+ 30. Qxd4 Nf6 31. Bd1 Qb1 32. Kh2 Qd3 33. Rxe7 Qxd4
34. Rxe8+ Kxe8 35. Nxd4 Nd3 36. b3 Nxf4 37. Bc2 N4h5 38. g4 Ng7 39. Kg3 Nd7 40.
Nc6 Kf8 41. Kf4 Ne8 42. b4 f6 43. Ke4 Nc7 44. Ba4 Ne5 45. Kd4 Nf3+ 46. Ke3 Ng5
47. h4 Nf7 48. Ke4 Ne5 49. Nxe5 fxe5 50. Bb5 Nxb5 1/2-1/2

[Event "24. Acropolis 2009"]
[Site "Chalkida GRE"]
[Date "2009.08.12"]
[Round "2.9"]
[White "Gelashvili, Tamaz"]
[Black "Papadopoulos, Ioannis K"]
[Result "1/2-1/2"]
[WhiteElo "2605"]
[BlackElo "2450"]
[PlyCount "85"]
[EventDate "2009.08.10"]
[EventType "swiss"]
[EventRounds "9"]
[EventCountry "GRE"]
[Source "lmi"]
[SourceDate "2009.08.10"]

1. d4 Nf6 2. Nf3 e6 3. e3 b6 4. Bd3 Bb7 5. O-O c5 6. c4 Be7 7. Nc3 cxd4 8. exd4
d6 9. d5 e5 10. Be3 Nbd7 11. Nd2 O-O 12. Qe2 Re8 13. b4 Bf8 14. Rab1 g6 15. g4
a5 16. a3 h6 17. f3 Qe7 18. Nde4 Nxe4 19. fxe4 axb4 20. axb4 Rec8 21. Ra1 Rxa1
22. Rxa1 Ra8 23. Rxa8 Bxa8 24. Qf2 Qd8 25. Na4 Be7 26. Kg2 Bg5 27. Bxb6 Nxb6
28. Nxb6 Bh4 29. Qe3 Bg5 30. Qg1 Bd2 31. Nxa8 Qxa8 32. c5 Bxb4 33. c6 Qa2+ 34.
Qf2 Qxf2+ 35. Kxf2 Ba5 36. Ke2 g5 37. Bc2 Kf8 38. Kd3 Ke7 39. Kc4 Kd8 40. Kb5
Bc7 41. Ka6 Kc8 42. Ka7 Bd8 43. Bd3 1/2-1/2

[Event "24. Acropolis 2009"]
[Site "Chalkida GRE"]
[Date "2009.08.12"]
[Round "2.10"]
[White "Georgiadis, Ioannis"]
[Black "Banikas, Hristos"]
[Result "1/2-1/2"]
[WhiteElo "2438"]
[BlackElo "2598"]
[PlyCount "24"]
[EventDate "2009.08.10"]
[EventType "swiss"]
[EventRounds "9"]
[EventCountry "GRE"]
[Source "lmi"]
[SourceDate "2009.08.10"]

1. e4 Nc6 2. Nf3 e5 3. Bb5 Nf6 4. O-O Nxe4 5. d4 Nd6 6. dxe5 Nxb5 7. a4 Nbd4 8.
Nxd4 Nxd4 9. Qxd4 d5 10. exd6 Qxd6 11. Qe4+ Qe6 12. Qd4 Qd6 1/2-1/2

[Event "24. Acropolis 2009"]
[Site "Chalkida GRE"]
[Date "2009.08.12"]
[Round "2.11"]
[White "Rozentalis, Eduardas"]
[Black "Melia, Salome"]
[Result "1-0"]
[WhiteElo "2588"]
[BlackElo "2441"]
[PlyCount "136"]
[EventDate "2009.08.10"]
[EventType "swiss"]
[EventRounds "9"]
[EventCountry "GRE"]
[Source "lmi"]
[SourceDate "2009.08.10"]

1. e4 c5 2. Nc3 Nc6 3. g3 e6 4. Bg2 Nf6 5. f4 d5 6. e5 Nd7 7. Nf3 Be7 8. O-O
O-O 9. d4 f6 10. Ne2 cxd4 11. Nexd4 Nc5 12. Be3 Ne4 13. c4 Bc5 14. Kh1 Qb6 15.
cxd5 exd5 16. Rc1 Kh8 17. b4 Nxb4 18. exf6 gxf6 19. Nh4 Rg8 20. a3 Na6 21. Qd3
Bd7 22. Rb1 Qc7 23. Qb3 Rae8 24. Qxb7 Qxb7 25. Rxb7 Nxg3+ 26. hxg3 Rxe3 27.
Rxd7 Bxd4 28. Nf5 Rexg3 29. Nxg3 Rxg3 30. Bxd5 Rxa3 31. Rd8+ Kg7 32. Rg8+ Kh6
33. Kg2 Ra1 34. Rxa1 Bxa1 35. Be4 Nb4 36. Rb8 f5 37. Bxf5 Nd5 38. Kf3 Ne7 39.
Be4 a5 40. Rb1 Bc3 41. Rh1+ Kg7 42. Rxh7+ Kf8 43. Rh2 Kg7 44. Rc2 Bb4 45. Rc7
Kf6 46. Kg4 Bd6 47. Ra7 Bb4 48. Ra6+ Kg7 49. Kg5 Bd2 50. Ra7 Bb4 51. Bb1 Kf7
52. Ba2+ Ke8 53. Be6 Kf8 54. Rc7 Bd6 55. Rd7 Ba3 56. Rb7 Bc5 57. Bb3 Be3 58.
Rb8+ Kg7 59. Ra8 Bd2 60. Ra7 Kf8 61. Rd7 Bc1 62. Kf6 Bb2+ 63. Ke6 Nc6 64. Rf7+
Kg8 65. Rb7 Kh8 66. Kf5 Bg7 67. Kg6 a4 68. Bxa4 Nd8 1-0

[Event "24. Acropolis 2009"]
[Site "Chalkida GRE"]
[Date "2009.08.12"]
[Round "2.12"]
[White "Maric, Alisa"]
[Black "Yakovich, Yuri"]
[Result "0-1"]
[WhiteElo "2407"]
[BlackElo "2576"]
[PlyCount "88"]
[EventDate "2009.08.10"]
[EventType "swiss"]
[EventRounds "9"]
[EventCountry "GRE"]
[Source "lmi"]
[SourceDate "2009.08.10"]

1. Nf3 Nf6 2. c4 e6 3. d4 c5 4. e3 a6 5. dxc5 Bxc5 6. a3 O-O 7. b4 Be7 8. Bb2
a5 9. b5 d6 10. Be2 Nbd7 11. O-O Qc7 12. Nc3 b6 13. Nd2 Bb7 14. Bf3 Rac8 15.
Bxb7 Qxb7 16. Rc1 Rc7 17. Ne2 Ne5 18. Rc3 Rfc8 19. Qc2 d5 20. cxd5 Rxc3 21.
Nxc3 Nxd5 22. Qe4 Bf6 23. Rc1 Rc5 24. Nb3 Rc4 25. Nd4 Qc7 26. Nce2 Rxc1+ 27.
Bxc1 Qc4 28. Qc2 Qxc2 29. Nxc2 Nd3 30. Bd2 Nc7 31. e4 Nxb5 32. Be3 Nc5 33. Bxc5
bxc5 34. a4 Nd6 35. f3 Nc4 36. Nc1 Nb2 37. Nb3 Bd8 38. Kf1 Nxa4 39. Na3 Nb2 40.
Ke2 a4 41. Nd2 Ba5 42. Ndc4 Bc3 43. Nb6 Bb4 44. Nc2 a3 0-1

[Event "24. Acropolis 2009"]
[Site "Chalkida GRE"]
[Date "2009.08.12"]
[Round "2.13"]
[White "Kolev, Atanas"]
[Black "Yilmaz, Mustafa Enes"]
[Result "1/2-1/2"]
[WhiteElo "2569"]
[BlackElo "2432"]
[PlyCount "75"]
[EventDate "2009.08.10"]
[EventType "swiss"]
[EventRounds "9"]
[EventCountry "GRE"]
[Source "lmi"]
[SourceDate "2009.08.10"]

1. e4 c5 2. Nf3 d6 3. d4 cxd4 4. Nxd4 Nf6 5. Nc3 a6 6. Be2 e5 7. Nb3 Be7 8. O-O
O-O 9. a4 b6 10. Bg5 Nbd7 11. Bc4 Bb7 12. Qe2 Qc7 13. Rfd1 Rfc8 14. Nd2 h6 15.
Bxf6 Nxf6 16. Bb3 Bc6 17. Nf1 Bf8 18. f3 b5 19. Ne3 Rab8 20. Kh1 g6 21. axb5
axb5 22. Ncd5 Nxd5 23. Nxd5 Bxd5 24. Rxd5 Qb6 25. g3 Rc7 26. Kg2 h5 27. Rf1
Rcb7 28. f4 exf4 29. gxf4 Kh7 30. Rf3 Re8 31. Rh3 Bh6 32. f5 Rbe7 33. Qf3 Rxe4
34. fxg6+ fxg6 35. Qf7+ Kh8 36. Qf6+ Kh7 37. Qf7+ Kh8 38. Qf6+ 1/2-1/2

[Event "24. Acropolis 2009"]
[Site "Chalkida GRE"]
[Date "2009.08.12"]
[Round "2.16"]
[White "Kotrotsos, Vasilios"]
[Black "Gupta, Abhijeet"]
[Result "1/2-1/2"]
[WhiteElo "2359"]
[BlackElo "2565"]
[PlyCount "56"]
[EventDate "2009.08.10"]
[EventType "swiss"]
[EventRounds "9"]
[EventCountry "GRE"]
[Source "lmi"]
[SourceDate "2009.08.10"]

1. e4 c5 2. Nf3 d6 3. d4 cxd4 4. Nxd4 Nf6 5. Nc3 Nc6 6. Bc4 e6 7. Be3 a6 8. Qe2
Qc7 9. O-O-O Na5 10. Bd3 b5 11. a3 Be7 12. g4 Nd7 13. Rhe1 Ne5 14. f4 Nec4 15.
Nf5 exf5 16. Nd5 Qb7 17. Bxc4 Nxc4 18. exf5 O-O 19. f6 Bxf6 20. Nxf6+ gxf6 21.
Bd4 Be6 22. f5 Rae8 23. Bxf6 Bd7 24. Qf2 Rxe1 25. Rxe1 Re8 26. b3 Rxe1+ 27.
Qxe1 Ne5 28. Qh4 Bxf5 1/2-1/2

[Event "24. Acropolis 2009"]
[Site "Chalkida GRE"]
[Date "2009.08.12"]
[Round "2.17"]
[White "Halkias, Stelios"]
[Black "Okara, Andrey"]
[Result "1-0"]
[WhiteElo "2564"]
[BlackElo "2380"]
[PlyCount "59"]
[EventDate "2009.08.10"]
[EventType "swiss"]
[EventRounds "9"]
[EventCountry "GRE"]
[Source "lmi"]
[SourceDate "2009.08.10"]

1. d4 d5 2. c4 c6 3. Nf3 Nf6 4. Nc3 e6 5. Bg5 Nbd7 6. e3 Qa5 7. cxd5 Nxd5 8.
Qd2 Bb4 9. Rc1 Nxc3 10. bxc3 Ba3 11. Rb1 O-O 12. Bd3 Re8 13. O-O Be7 14. Bf4
Qd8 15. Qc2 Nf8 16. c4 Bd6 17. Bxd6 Qxd6 18. c5 Qc7 19. Ne5 Bd7 20. Nc4 Reb8
21. Nd6 b6 22. Bc4 bxc5 23. dxc5 Qa5 24. Bb3 Rb4 25. h3 Rab8 26. f4 Be8 27. f5
Qd8 28. a3 Rh4 29. Qf2 Qf6 30. Qg3 1-0

[Event "24. Acropolis 2009"]
[Site "Chalkida GRE"]
[Date "2009.08.12"]
[Round "2.18"]
[White "Asik, Josip"]
[Black "Muzychuk, Anna"]
[Result "1/2-1/2"]
[WhiteElo "2356"]
[BlackElo "2542"]
[PlyCount "37"]
[EventDate "2009.08.10"]
[EventType "swiss"]
[EventRounds "9"]
[EventCountry "GRE"]
[Source "lmi"]
[SourceDate "2009.08.10"]

1. e4 c5 2. Nf3 Nf6 3. e5 Nd5 4. Nc3 e6 5. Nxd5 exd5 6. d4 Nc6 7. dxc5 Bxc5 8.
Bd3 d6 9. exd6 O-O 10. O-O Qxd6 11. c3 h6 12. Bc2 Ne7 13. Nd4 Bd7 14. Qd3 Ng6
15. Re1 Rac8 16. Be3 Rfe8 17. Nf5 Qb6 18. Bxc5 Qxc5 19. Qg3 1/2-1/2

[Event "24. Acropolis 2009"]
[Site "Chalkida GRE"]
[Date "2009.08.12"]
[Round "2.21"]
[White "Bozinakis, Pavlos"]
[Black "Papaioannou, Ioannis"]
[Result "0-1"]
[WhiteElo "2148"]
[BlackElo "2624"]
[PlyCount "84"]
[EventDate "2009.08.10"]
[EventType "swiss"]
[EventRounds "9"]
[EventCountry "GRE"]
[Source "lmi"]
[SourceDate "2009.08.10"]

1. e4 c6 2. d4 d5 3. exd5 cxd5 4. c4 Nf6 5. Nc3 e6 6. c5 Be7 7. Nf3 O-O 8. Bd3
b6 9. cxb6 Qxb6 10. O-O Ba6 11. b3 Bxd3 12. Qxd3 Qa6 13. Ne5 Qxd3 14. Nxd3 Nc6
15. Be3 Rfc8 16. Na4 Ne4 17. Rfd1 Bf6 18. Nf4 g6 19. Kf1 Nd6 20. Ne2 Nf5 21. a3
Rab8 22. Rab1 Na5 23. Nc5 Nxe3+ 24. fxe3 Be7 25. b4 Nc4 26. Rb3 Bxc5 27. dxc5
Rxc5 28. Rc3 Rcc8 29. Rdc1 f5 30. Ke1 Kf7 31. Nd4 Kf6 32. Nb3 Rb7 33. Na5 Rbc7
34. b5 Ke5 35. Ke2 Kd6 36. Nc6 a6 37. a4 axb5 38. axb5 Ra8 39. Kd3 Ra2 40. R1c2
Rxc2 41. Rxc2 Rb7 42. Nd4 e5 0-1

[Event "24. Acropolis 2009"]
[Site "Chalkida GRE"]
[Date "2009.08.12"]
[Round "2.22"]
[White "Georgiev, Vladimir"]
[Black "Vospernik, Andrej"]
[Result "1-0"]
[WhiteElo "2530"]
[BlackElo "2170"]
[PlyCount "69"]
[EventDate "2009.08.10"]
[EventType "swiss"]
[EventRounds "9"]
[EventCountry "GRE"]
[Source "lmi"]
[SourceDate "2009.08.10"]

1. d4 Nf6 2. c4 e5 3. dxe5 Ne4 4. a3 a5 5. Nf3 Nc6 6. Qd5 Nc5 7. Bg5 Be7 8.
Qxc5 Bxc5 9. Bxd8 Kxd8 10. Nc3 Re8 11. e3 Nxe5 12. Be2 d6 13. Rd1 Bf5 14. O-O
c6 15. Nd4 Bxd4 16. Rxd4 Kc7 17. e4 Bd7 18. Rfd1 d5 19. cxd5 c5 20. d6+ Kb8 21.
Rd5 b6 22. Nb5 Ng6 23. Nc7 Nf4 24. R5d2 Nxe2+ 25. Rxe2 Kb7 26. f3 Rad8 27. Nxe8
Rxe8 28. b4 axb4 29. axb4 c4 30. Ra1 Re6 31. Rd2 f5 32. exf5 Re5 33. g4 Re3 34.
b5 Rb3 35. Rc1 1-0

[Event "24. Acropolis 2009"]
[Site "Chalkida GRE"]
[Date "2009.08.12"]
[Round "2.23"]
[White "Burtasova, Anna"]
[Black "Dembo, Yelena"]
[Result "1/2-1/2"]
[WhiteElo "2325"]
[BlackElo "2466"]
[PlyCount "194"]
[EventDate "2009.08.10"]
[EventType "swiss"]
[EventRounds "9"]
[EventCountry "GRE"]
[Source "lmi"]
[SourceDate "2009.08.10"]

1. e4 c5 2. c3 d5 3. exd5 Qxd5 4. d4 Nf6 5. Nf3 Nc6 6. Na3 Bg4 7. Be2 cxd4 8.
Nb5 O-O-O 9. Nbxd4 e5 10. Nxc6 Qxc6 11. Qb3 Qc7 12. Be3 Be6 13. Qa4 Bc5 14.
Bxc5 Qxc5 15. O-O Kb8 16. Ng5 Bd5 17. Bf3 h6 18. Ne4 Bxe4 19. Bxe4 Rd2 20. Bc2
Rhd8 21. Rad1 a6 22. Qh4 R8d6 23. Rxd2 Rxd2 24. Bb3 Rxb2 25. Bxf7 Qxc3 26. Bb3
Rd2 27. Qg3 Qxg3 28. hxg3 Kc7 29. Rc1+ Kd7 30. f3 b5 31. Rc5 e4 32. Re5 exf3
33. gxf3 Kc6 34. Re6+ Rd6 35. Re7 g5 36. Kf2 a5 37. Bf7 Kc5 38. f4 Kd4 39. fxg5
hxg5 40. Re1 Ng4+ 41. Ke2 Ne5 42. Rd1+ Kc5 43. Rxd6 Kxd6 44. Be8 Kc5 45. Ke3
Ng4+ 46. Kd3 Nf6 47. Bf7 b4 48. Bb3 Nd5 49. Bc2 Kb5 50. Bb3 Nc3 51. a3 Na4 52.
axb4 Kxb4 53. Bf7 Nc5+ 54. Kc2 a4 55. g4 Nb3 56. Bg8 Na5 57. Kd3 a3 58. Ba2 Nb3
59. Kc2 Nc5 60. Kd2 Ne4+ 61. Kc2 Nc3 62. Bf7 Ne4 63. Ba2 Nd6 64. Kd3 Nb5 65.
Be6 Nc3 66. Kc2 Ne2 67. Ba2 Nd4+ 68. Kd3 Nc6 69. Kc2 Ne5 70. Be6 Nc4 71. Kb1
Ne3 72. Ka2 Nc2 73. Bb3 Nd4 74. Bf7 Nb5 75. Kb1 Nd6 76. Be6 Nc4 77. Ka2 Nb6 78.
Kb1 Na4 79. Kc2 Nc3 80. Bf7 Ne2 81. Kd3 Nf4+ 82. Kc2 Nh3 83. Bg8 Nf2 84. Be6
Ne4 85. Bd5 Nc3 86. Bf7 a2 87. Kb2 Kc5 88. Be6 Kd4 89. Bc8 Ke4 90. Bd7 Kf4 91.
Bc8 Nd1+ 92. Kxa2 Ne3 93. Kb2 Nxg4 94. Kc3 Ne3 95. Kd3 Nf5 96. Ke2 Nd6 97. Bd7
Ke5 1/2-1/2

[Event "24. Acropolis 2009"]
[Site "Chalkida GRE"]
[Date "2009.08.12"]
[Round "2.24"]
[White "Harika, Dronavalli"]
[Black "Skaperdas, Kostantinos"]
[Result "1-0"]
[WhiteElo "2445"]
[BlackElo "2222"]
[PlyCount "111"]
[EventDate "2009.08.10"]
[EventType "swiss"]
[EventRounds "9"]
[EventCountry "GRE"]
[Source "lmi"]
[SourceDate "2009.08.10"]

1. d4 d5 2. c4 dxc4 3. e4 e5 4. Nf3 Bb4+ 5. Nc3 exd4 6. Nxd4 Ne7 7. Bxc4 O-O 8.
Be3 Nbc6 9. Ndb5 Ne5 10. Be2 Ba5 11. Bc5 Bd7 12. b4 Bb6 13. Bxb6 axb6 14. O-O
Bxb5 15. Nxb5 c6 16. Nd6 Nc8 17. Nf5 b5 18. Qc1 Ne7 19. Rd1 Qc7 20. Nd6 Nc8 21.
Nxb5 Qe7 22. Nd4 Qxb4 23. Rb1 Qe7 24. Nf5 Qf6 25. Qb2 b5 26. g3 g6 27. f4 gxf5
28. fxe5 Qg5 29. exf5 Qxf5 30. Rf1 Qe4 31. Bf3 Qe3+ 32. Kh1 Ne7 33. Qb4 Ng6 34.
Rbe1 Qa3 35. Qg4 Qxa2 36. Bxc6 Ra4 37. Qd7 Qe6 38. Qb7 Rd4 39. Qxb5 Rd2 40. Bg2
Re8 41. Bh3 Qd5+ 42. Qxd5 Rxd5 43. e6 f5 44. Bxf5 Kg7 45. Be4 Re5 46. Bxg6 Rxe1
47. Rxe1 Kxg6 48. Kg2 Kf6 49. Kf3 Rxe6 50. Rxe6+ Kxe6 51. Kg4 Kf6 52. Kh5 Kg7
53. Kg5 h6+ 54. Kf5 Kf7 55. g4 Kg7 56. h4 1-0

[Event "24. Acropolis 2009"]
[Site "Chalkida GRE"]
[Date "2009.08.12"]
[Round "2.26"]
[White "Ris, Robert"]
[Black "Kouvatsou, Maria"]
[Result "1/2-1/2"]
[WhiteElo "2421"]
[BlackElo "2156"]
[PlyCount "29"]
[EventDate "2009.08.10"]
[EventType "swiss"]
[EventRounds "9"]
[EventCountry "GRE"]
[Source "lmi"]
[SourceDate "2009.08.10"]

1. d4 Nf6 2. c4 g6 3. Nc3 d5 4. Qb3 dxc4 5. Qxc4 Bg7 6. e4 O-O 7. Be2 Nc6 8.
Nf3 Bg4 9. d5 Bxf3 10. gxf3 Ne5 11. Qb3 c6 12. f4 Ned7 13. Be3 cxd5 14. e5 Ne4
15. Qxd5 1/2-1/2

[Event "24. Acropolis 2009"]
[Site "Chalkida GRE"]
[Date "2009.08.12"]
[Round "2.27"]
[White "Kaforos, Dimitrios Alkis"]
[Black "Peptan, Corina-Isabela"]
[Result "1-0"]
[WhiteElo "2203"]
[BlackElo "2392"]
[PlyCount "89"]
[EventDate "2009.08.10"]
[EventType "swiss"]
[EventRounds "9"]
[EventCountry "GRE"]
[Source "lmi"]
[SourceDate "2009.08.10"]

1. e4 c5 2. Nf3 d6 3. c3 Nf6 4. h3 Nbd7 5. Bd3 b6 6. O-O Bb7 7. Re1 Qc7 8. Bc2
Rc8 9. a4 e6 10. Na3 a6 11. d3 Be7 12. Bf4 O-O 13. Rc1 Rfe8 14. Qe2 Bf8 15. Nc4
e5 16. Bh2 b5 17. Ne3 g6 18. Kh1 Bg7 19. Qd2 d5 20. exd5 Nxd5 21. d4 Nxe3 22.
Qxe3 Qc6 23. axb5 axb5 24. Bb3 c4 25. Bc2 exd4 26. Qxe8+ Rxe8 27. Rxe8+ Nf8 28.
Rce1 d3 29. Bd1 Bf6 30. Rb8 Kg7 31. Ree8 Ne6 32. Rg8+ Kh6 33. h4 Qe4 34. Bd6 d2
35. Kh2 Qb1 36. Rxb7 Qxd1 37. Rd7 Kh5 38. Bg3 Nd4 39. Nxd4 Qg4 40. Rxf7 h6 41.
f3 Qxg3+ 42. Kxg3 d1=Q 43. Rxf6 Qe1+ 44. Kf4 Qd2+ 45. Ke4 1-0

[Event "24. Acropolis 2009"]
[Site "Chalkida GRE"]
[Date "2009.08.12"]
[Round "2.29"]
[White "Manelidou, Maria"]
[Black "Dzagnidze, Nana"]
[Result "0-1"]
[WhiteElo "2008"]
[BlackElo "2536"]
[PlyCount "54"]
[EventDate "2009.08.10"]
[EventType "swiss"]
[EventRounds "9"]
[EventCountry "GRE"]
[Source "lmi"]
[SourceDate "2009.08.10"]

1. e4 c5 2. Nf3 e6 3. c4 b6 4. Nc3 Bb7 5. Be2 Nc6 6. d4 cxd4 7. Nxd4 Nf6 8. Be3
Bb4 9. f3 Bxc3+ 10. bxc3 O-O 11. O-O Qe7 12. Bf2 Rfd8 13. Qa4 Ne8 14. Rab1 d6
15. Rfd1 Rdc8 16. Nb5 Ne5 17. Qb4 Ba6 18. Bg3 Rc5 19. Bf2 Rcc8 20. Bg3 Bxb5 21.
Bxe5 Ba6 22. Bxd6 Nxd6 23. Rxd6 Bxc4 24. Bxc4 Rxc4 25. Qxc4 Qxd6 26. Qd4 Rd8
27. Rd1 Qc5 0-1

[Event "24. Acropolis 2009"]
[Site "Chalkida GRE"]
[Date "2009.08.12"]
[Round "2.30"]
[White "Aroshidze, Levan"]
[Black "Kourousis, Epaminondas"]
[Result "1-0"]
[WhiteElo "2537"]
[BlackElo "2237"]
[PlyCount "85"]
[EventDate "2009.08.10"]
[EventType "swiss"]
[EventRounds "9"]
[EventCountry "GRE"]
[Source "lmi"]
[SourceDate "2009.08.10"]

1. e4 c6 2. d4 d5 3. e5 Bf5 4. Nf3 e6 5. Be2 Nd7 6. O-O Bg4 7. Nbd2 Ne7 8. Nb3
Nf5 9. c3 Be7 10. Bd2 a6 11. h3 Bxf3 12. Bxf3 Bg5 13. Be1 f6 14. Bg4 fxe5 15.
dxe5 O-O 16. Qe2 Qb6 17. Kh1 Rae8 18. g3 Bh6 19. h4 Qb5 20. f4 Ne3 21. Rf2 Qxe2
22. Bxe2 Nc2 23. Rc1 Nxe1 24. Rxe1 Nxe5 25. Nc5 Re7 26. Bf1 Nd7 27. Nxd7 Rxd7
28. Bh3 Re7 29. Bxe6+ Kh8 30. f5 Rf6 31. g4 g5 32. h5 Re8 33. Rd2 Bf8 34. Rd3
b5 35. Ra1 Rb8 36. a4 b4 37. c4 dxc4 38. Bxc4 c5 39. Rad1 Bg7 40. b3 a5 41. Rd7
Rff8 42. R1d6 Rf6 43. Re6 1-0

[Event "24. Acropolis 2009"]
[Site "Chalkida GRE"]
[Date "2009.08.12"]
[Round "2.31"]
[White "Filippas, Sebastian"]
[Black "Foisor, Cristina Adela B"]
[Result "1/2-1/2"]
[WhiteElo "2224"]
[BlackElo "2424"]
[PlyCount "94"]
[EventDate "2009.08.10"]
[EventType "swiss"]
[EventRounds "9"]
[EventCountry "GRE"]
[Source "lmi"]
[SourceDate "2009.08.10"]

1. d4 d5 2. c4 c6 3. Nf3 Nf6 4. Nc3 a6 5. c5 Bf5 6. Bf4 Nh5 7. Bg3 Nd7 8. Nh4
Be6 9. e3 g6 10. Be2 Nxg3 11. hxg3 Bg7 12. O-O O-O 13. Rc1 h6 14. f4 Qc7 15.
Nf3 Bg4 16. Ne5 Bxe2 17. Nxe2 Nxe5 18. fxe5 g5 19. Qd3 e6 20. Rf2 f6 21. exf6
Rxf6 22. Rxf6 Bxf6 23. Rf1 Rf8 24. g4 Bg7 25. Qg6 Rxf1+ 26. Kxf1 Qf7+ 27. Qxf7+
Kxf7 28. Ng3 Bf6 29. Ke2 Bd8 30. e4 e5 31. exd5 cxd5 32. dxe5 Bc7 33. Nf5 Bxe5
34. b4 Ke6 35. Kd3 Bb2 36. a4 Ba3 37. Nd4+ Ke5 38. Nc2 Bb2 39. b5 axb5 40. axb5
Kf4 41. Nd4 Ke5 42. Nf5 Ba3 43. c6 bxc6 44. bxc6 Bd6 45. Nxh6 Bc7 46. Nf7+ Kf6
47. Nxg5 Kxg5 1/2-1/2

[Event "24. Acropolis 2009"]
[Site "Chalkida GRE"]
[Date "2009.08.12"]
[Round "2.32"]
[White "Pavlidis, Anastasios"]
[Black "Yildiz, Betul Cemre"]
[Result "1/2-1/2"]
[WhiteElo "2348"]
[BlackElo "2217"]
[PlyCount "94"]
[EventDate "2009.08.10"]
[EventType "swiss"]
[EventRounds "9"]
[EventCountry "GRE"]
[Source "lmi"]
[SourceDate "2009.08.10"]

1. d4 d5 2. c4 dxc4 3. Nf3 c5 4. e3 cxd4 5. Bxc4 Qc7 6. Bb3 dxe3 7. Bxe3 Nf6 8.
Nc3 Nc6 9. O-O e6 10. Rc1 a6 11. Na4 Bd7 12. Qd2 Be7 13. Rfd1 O-O 14. Bb6 Qb8
15. Bc2 Nd5 16. Be4 Ncb4 17. Bc7 Qe8 18. Nc3 Bc6 19. Be5 Nxc3 20. Bxc6 Nxc6 21.
Bxc3 Rd8 22. Qf4 Rxd1+ 23. Rxd1 Qc8 24. Re1 Qd8 25. h3 Re8 26. Nd2 Bg5 27. Qg3
Bf6 28. Bxf6 Qxf6 29. b3 Rd8 30. Ne4 Qd4 31. Qc7 Qb4 32. Rc1 Qxe4 33. Rxc6 Rd1+
34. Kh2 h6 35. Qb8+ Kh7 36. Rc8 e5 37. Rc4 Qe2 38. Qa7 Rf1 39. Qxb7 Qxf2 40.
Qe4+ g6 41. Qxe5 Qg1+ 42. Kg3 Rf5 43. Qe2 Rg5+ 44. Rg4 Rd5 45. Rf4 Rg5+ 46. Rg4
Rf5 47. Rf4 Rg5+ 1/2-1/2